000 00804naa a22002057i 4500
001 232400
003 ES-MaBCM
005 20260219142025.0
008 260219s2023 sp ||||| |||| 00| 0 spa d
040 _cES-MaBCM
100 1 _aAcuña Pacheco, Alfredo
_9131174
245 1 0 _aLuces de jurisprudencia interamericana sobre la pena de muerte
_cAlfredo Acuña Pacheco, Julieta Morales Sánchez
504 _aIncluye referencias bibliográficas
610 2 7 _aCorte Interamericana de Derechos Humanos
_951099
650 7 _aPena de muerte
_959744
655 4 _aJurisprudencia
_9115565
700 1 _aMorales Sánchez, Julieta
_9131175
773 0 _dValencia : Tirant lo Blanch , 2023
_gp. [21]-48 - Loc. 62618
_tLa crueldad en las constituciones y en los convenios internacionales
_w225307
942 _2udc
_cAMON
999 _c232400
_d232400